| 000 | 00562nam a2200193 i 4500 | ||
|---|---|---|---|
| 001 | 86147 | ||
| 003 | ES-MaACL | ||
| 005 | 20230906175401.0 | ||
| 007 | t| | ||
| 008 | 041207s1922 fr ||||1| fre d | ||
| 080 | _a821.211-14"04" | ||
| 080 | _a294.118 | ||
| 100 | 1 |
_aKalidasa. _967445 |
|
| 245 | 1 | 0 |
_aMeghaduta _b: (lenuage messager) / _cde Kalidasa ; traduction de Marcelle Lalou. |
| 260 |
_aParis : _bLu Sans Pareil, _c[1922] |
||
| 700 | 1 |
_aLalou, Marcelle. _969740 |
|
| 730 | 0 |
_aUpanishads. _pBrhadaranyakopanisad. _9153064 |
|
| 852 |
_aES-MaACL _j1627-F-8 |
||
| 999 |
_c86147 _d86147 |
||